Normal view
MARC view
- Gross, Feliks
Entry Personal Name
001 - CONTROL NUMBER
- control field: 105011
003 - CONTROL NUMBER IDENTIFIER
- control field: NUST
005 - DATE AND TIME OF LATEST TRANSACTION
- control field: 20221215152210.0
008 - FIXED-LENGTH DATA ELEMENTS
- fixed length control field: 221215|| aca||aabn | a|a d
040 ## - CATALOGING SOURCE
- Original cataloging agency: NUST
- Transcribing agency: NUST
100 ## - HEADING--PERSONAL NAME
- Personal name: Gross, Feliks
670 ## - SOURCE DATA FOUND
- Source citation: Work cat.: (NUST)184096: Gross, Feliks,, World politics and tension areas /, 1966
